| 000 | 00732cam a22002177a 4500 | ||
|---|---|---|---|
| 020 | _a9789251070789 (pbk.) | ||
| 020 | _a9251070784 (pbk.) | ||
| 040 | _cIWA | ||
| 082 | 0 | 4 | _a639 FOO 2011 A083 Or, |
| 100 | 1 | _aWelcomme, R. L. | |
| 245 | 1 | 0 |
_aReview of the state of the world fishery resources : _binland fisheries / |
| 246 | 3 | 0 | _aInland fisheries |
| 260 |
_aRome : _bFood and Agriculture Organization of the United Nations, _c2011. |
||
| 300 |
_ax, 97 p. : _bill. (some col.) ; _c30 cm. |
||
| 490 | 1 | _aFAO fisheries and aquaculture circular, | |
| 500 | _a"FIRF/C942, Rev. 2 (En)." | ||
| 650 | 0 | _aFishery resources | |
| 650 | 0 | _aFisheries | |
| 710 | 2 | _aFood and Agriculture Organization of the United Nations. | |
| 942 | _cEK | ||
| 999 |
_c16100 _d16100 |
||